| 000 | 00543 a2200169 4500 | ||
|---|---|---|---|
| 003 | NUST | ||
| 020 | _a8170622468 | ||
| 038 | _aMuhammad Ibrahim | ||
| 082 |
_a355.33041 _bNEW 1992 |
||
| 100 |
_aNewman, Maj. Gen. Aubrey S. "Red" _991105 |
||
| 245 |
_aFollow Me II More on the Human Element in Leadership _cMaj. Gen. Aubrey S. "Red" Newman |
||
| 260 |
_aIslamabad : _bService Book Club, _c1992 |
||
| 300 |
_axii, 267p. : _bill ., pics., ; _c21 cm |
||
| 563 | _aH.B | ||
| 650 |
_aMilitary Leadership -- Human Element _991106 |
||
| 942 |
_2ddc _cBK |
||
| 999 |
_c589264 _d589264 |
||